000 00559nam a2200193Ia 4500
005 20260114185723.0
008 008 260114s9999 xx 000 0 eng d
020 _a9781472599025
037 _aEBOOK
040 _aCRL
_beng
_cCRL
041 _aeng
_2eng
084 _qCRL
100 _aKarl Leyser
_9873571
245 0 _aMedieval Germany and its Neighbours, 900-1250
260 _bBloomsbury
_c1982
856 _uhttps://doi.org/10.5040/9781472599025?locatt=label:secondary_bloomsburyCollections
942 _cEBOOK
999 _c1472519
_d1472519